Missing Word: Shared Actor & Movie Names Quiz Stats

 Plays Quiz Updated Mar 26, 2013

Also try: Actor by Clip
Challenge
Share
Tweet
Embed
Score 0/24 Timer 03:00
1 Play Today
Actor/Actress Common Word % Correct
Jack _____Black
97.3%
Frederic _______Forrest
96.1%
Brittany ____Snow
95.9%
Regina ____King
95.4%
Jude ___Law
94.4%
Betty _____White
93%
Sally _____Field
90.2%
Kevin _____James
88.9%
Doris ___Day
87.6%
Chris ____Rock
86.6%
Seth _____Green
86%
Ron ______Silver
85.1%
Actor/Actress Common Word % Correct
Frank __Oz
77%
Seann William _____Scott
74.9%
Lucy _____Punch
70.4%
Bryan _____Brown
68.4%
Daryl ______Hannah
68%
Nick _____Frost
64.9%
Rip ____Torn
60.3%
Bryce Dallas ______Howard
59.9%
Helen ____Hunt
58%
Charles _____Dance
40.9%
Andrew ________Garfield
39%
Eric ____Idle
31.6%

Today's Daily Dose

Missing Word
Madam, I'm Adam

Quick Pick
Meat vs Animal

On This Day
October 21st II

You're not logged in!

Compare scores with friends on all Sporcle quizzes.
Join for Free
OR
Log In

You Might Also Like...

Show Comments

Extras

Top Quizzes Today


Score Distribution

Your Account Isn't Verified!

In order to create a playlist on Sporcle, you need to verify the email address you used during registration. Go to your Sporcle Settings to finish the process.

Report this User

Report this user for behavior that violates our Community Guidelines.

Details: